History Quiz

Random History or Nation Quiz

American History Mystery II Quiz Stats

 Plays Quiz Updated Apr 2, 2016

Challenge
Share
Tweet
Embed
Score 0/48 Timer 07:00
4 Plays Today
% Correct
BEEF
94.4%
THIS
89.3%
FALL
87.2%
NOSE
86.7%
RYAN
85.5%
INFO
84.6%
SCAR
82.6%
OSLO
81.6%
RAIN
81.4%
NILE
80.8%
ROSA
80.8%
RITA
79.5%
LOCO
78.7%
ALLY
77.9%
NERD
76.9%
YETI
76.3%
THIN
69.3%
EXAM
69%
ARGO
68%
USED
66.5%
NEON
66.4%
ERGO
66.2%
TANG
64.4%
BANA
60.3%
% Correct
ROPE
60%
GASH
59.7%
IOTA
59.2%
RIGA
58.7%
UNDO
58%
TREK
56.7%
NESS
55.1%
LOOM
54.7%
ACME
54.5%
LYNX
53.4%
ODDS
52.8%
EPIC
51.8%
WORM
50.6%
HARP
50.3%
OOZE
49%
EZRA
48.1%
CHAI
45.3%
TRAP
44%
VEER
43.1%
CHAR
42%
SLUR
40.6%
OMNI
40.6%
HEED
40%
LOON
39.9%

You're not logged in!

Compare scores with friends on all Sporcle quizzes.
Join for Free
OR
Log In

You Might Also Like...

Show Comments

Extras

Top Quizzes Today


Score Distribution

Your Account Isn't Verified!

In order to create a playlist on Sporcle, you need to verify the email address you used during registration. Go to your Sporcle Settings to finish the process.

Report this User

Report this user for behavior that violates our Community Guidelines.

Details: